Ficções (Registo nº 217)

Detalhes MARC
000 -Etiqueta do registo
Cabeçalho 00772nam0a2200289 4500
005 - Identificador da versão
Campo de controlo 20240813121757.0
010 ## - Número internacional normalizado dos livros (ISBN)
Número (ISBN) 8496075621
021 ## - Número do Depósito Legal
Código do país ES
Número B. 839-2003
035 ## - Other System Control Numbers
System Control Number 0000227
System Control Number 0000227
System Control Number 0000227
System Control Number 0000221
100 ## - Dados gerais de processamento
Dados gerais de processamento 20160502d2003 aaay1pory5001 ba
102 ## - Pais de publicação ou produção
País de publicação Portugal
101 1# - Língua de publicação
Língua do texto, banda sonora, etc. Português
Língua do documento no original Espanhol
215 ## - Descrição física 
Indicação específica da natureza do documento e extensão da espécie 158, [1] p
200 1# - Titulo e menção de responsabilidade
Título próprio Ficções
Primeira menção de responsabilidade Jorge Luís Borges
225 2# - Colecção 
Título próprio da colecção Mil folhas
Indicação de volume 39
210 ## - Publicação, Distribuição, etc. 
Lugar da edição, distribuição, etc. Porto
Nome do editor, distribuidor, etc. Público Comunicação Social
Data da publicação, distribuição, etc. cop. 2003
606 ## - Nome comum usado como assunto
Número de registo de entrada de autoridade 0002831
Palavra de ordem Literatura argentina
Subdivisão de assunto Conto
Código do sistema CA
675 ## - Classificação Decimal Universal (CDU)
Notação 821.134.2(82)-34
Edição 3ª ed.
Língua da edição por
700 #1 - Nome de autor-pessoa física (responsabilidade principal)
Número de registo de entrada de autoridade 0002833
Palavra de ordem Luís Borges
Outra parte do nome não tomada para palavra de ordem Jorge
Datas 1899-1986
966 ## - Identificação da Biblioteca
Sigla EB2,3ENM
942 ## - Elementos de entrada adicionados (Koha)
Tipo de item no Koha Livro
Exemplares
Situação do levantamento Origin of item (home branch) (coded) Biblioteca de empréstimo Código de barras Cota Circulation type (not for loan) Tipo de documento Nota do exemplar Damaged status
  Biblioteca Escolar Eng. Nuno Mergulhão Biblioteca Escolar Eng. Nuno Mergulhão BENM762 82LE-34 LUI   Livro Sem mensagem